[Event "World Blitz 2025"]
[Site "Doha QAT"]
[Date "2025.12.29"]
[Round "13.50"]
[White "Hong, Andrew"]
[Black "Vokhidov, Shamsiddin"]
[Result "1-0"]
[WhiteTitle "GM"]
[BlackTitle "GM"]
[WhiteElo "2568"]
[BlackElo "2641"]
[WhiteFideId "2099438"]
[BlackFideId "14204223"]
[EventDate "2025.12.29"]

1. e4 c5 2. Nf3 e6 3. d3 Nc6 4. g3 d5 5. Qe2 Nf6 6. Bg2 Be7 7. a4 b6 8. e5 Nd7
9. h4 h6 10. c3 Qc7 11. Bf4 Bb7 12. Na3 a6 13. h5 O-O-O 14. Nc2 Kb8 15. d4 c4
16. Qe3 Na5 17. Nd2 Ka7 18. g4 Qc8 19. Bg3 f6 20. O-O fxe5 21. dxe5 Nc5 22. Nd4
Nc6 23. Nxc6+ Qxc6 24. a5 b5 25. Nf3 Kb8 26. Nd4 Qc8 27. f4 Ne4 28. Bh2 Ka8 29.
f5 exf5 30. gxf5 Bc5 31. e6 Rde8 32. Be5 Re7 33. Rf4 Rf8 34. Raf1 Qe8 35. Qh3
Qd8 36. Rg4 Ng5 37. Qg3 Qxa5 38. Bd6 Qb6 39. Bxc5 Qxc5 40. Rxg5 hxg5 41. Qxg5
Qc7 42. h6 gxh6 43. Qh4 Rg7 44. f6 Rg6 45. f7 Qb6 46. e7 1-0

[Event "World Blitz 2025"]
[Site "Doha QAT"]
[Date "2025.12.29"]
[Round "13.51"]
[White "Naiditsch, Arkadij"]
[Black "Daneshvar, Bardiya"]
[Result "1/2-1/2"]
[WhiteTitle "GM"]
[BlackTitle "GM"]
[WhiteElo "2574"]
[BlackElo "2600"]
[WhiteFideId "4650891"]
[BlackFideId "12576468"]
[EventDate "2025.12.29"]

1. e4 c5 2. Nf3 Nc6 3. Bb5 e6 4. Bxc6 bxc6 5. b3 f6 6. d4 cxd4 7. Qxd4 Ne7 8.
Ba3 e5 9. Qa4 Qb6 10. c4 Qa6 11. Nc3 Qxa4 12. Nxa4 d5 13. Nd2 Ng6 14. Bxf8 Rxf8
15. Nc5 Ke7 16. Rc1 dxe4 17. Ndxe4 Bf5 18. g3 Rfd8 19. Ke2 Nf8 20. Nc3 Ne6 21.
Nxe6 Kxe6 22. Rhd1 g5 23. Na4 Ke7 24. Nc5 Bh3 25. Nb7 Rdb8 26. Nc5 h5 27. Rd2
Rd8 28. Rcd1 Rxd2+ 29. Rxd2 Bf5 30. Ke3 g4 31. Na6 Rh8 32. b4 h4 33. a3 hxg3 34.
hxg3 Be6 35. Nc5 Bf5 36. Rd1 Ra8 37. Rh1 a5 38. Rh5 axb4 39. axb4 Ra3+ 40. Kd2
Ra2+ 41. Ke3 Ra3+ 42. Kd2 Bg6 43. Rh6 Bf5 44. Rh5 Bg6 45. Rh6 Bf5 46. Rh5 Bg6 1/2-1/2

[Event "World Blitz 2025"]
[Site "Doha QAT"]
[Date "2025.12.29"]
[Round "13.52"]
[White "Maksimovic, Bojan"]
[Black "Quparadze, Giga"]
[Result "0-1"]
[WhiteTitle "GM"]
[BlackTitle "GM"]
[WhiteElo "2533"]
[BlackElo "2502"]
[WhiteFideId "14408120"]
[BlackFideId "13602250"]
[EventDate "2025.12.29"]

1. d4 Nf6 2. Bg5 d5 3. Nd2 Nbd7 4. Ngf3 h6 5. Bh4 g6 6. e3 Bg7 7. Be2 c5 8. c3
O-O 9. h3 b6 10. O-O Bb7 11. Bg3 Ne4 12. Nxe4 dxe4 13. Nd2 e5 14. dxe5 Bxe5 15.
Bxe5 Nxe5 16. Nc4 Nd3 17. Bxd3 exd3 18. Qg4 h5 19. Qg3 b5 20. Nd2 Qe7 21. Rae1
c4 22. e4 h4 23. Qg4 Rae8 24. f4 Qc5+ 25. Kh1 Qh5 26. Qxh5 gxh5 27. f5 Re5 28.
Rf4 Rfe8 29. Kg1 Kg7 30. Kf2 Kf6 31. Rxh4 R5e7 32. Rf4 Ke5 33. g3 f6 34. Re3 Kd6
35. b3 Ba6 36. Rh4 Rh8 37. Rf4 Rc8 38. b4 Bb7 39. Rh4 Rh8 40. Rf4 Bc6 41. a3 a5
42. Re1 Ra7 43. Ke3 axb4 44. axb4 Ra3 45. Kd4 Rd8 46. Rc1 Ra2 47. Ke3 Rg8 48.
Rf3 Rc2 49. Ra1 Rxc3 50. Ra6 Rc2 51. e5+ fxe5 52. Ne4+ Kc7 53. Rf2 Bxe4 0-1

[Event "World Blitz 2025"]
[Site "Doha QAT"]
[Date "2025.12.29"]
[Round "13.53"]
[White "Yakubboev, Nodirbek"]
[Black "Xiao, Tong(QD)"]
[Result "1-0"]
[WhiteTitle "GM"]
[BlackTitle "GM"]
[WhiteElo "2691"]
[BlackElo "2555"]
[WhiteFideId "14203987"]
[BlackFideId "8622388"]
[EventDate "2025.12.29"]

1. Nf3 c5 2. g3 Nc6 3. d4 cxd4 4. Nxd4 g6 5. Nxc6 bxc6 6. c4 Bg7 7. Bg2 Rb8 8.
Nc3 Qa5 9. O-O Ba6 10. Qd3 d5 11. Qc2 Bxc4 12. Bd2 Qc5 13. Rac1 Qd6 14. Rfd1 Nf6
15. b3 Ba6 16. e4 Rc8 17. Na4 d4 18. Bf4 e5 19. Nc5 Nd7 20. Bxe5 Nxe5 21. Nxa6
O-O 22. Nc5 Rc7 23. f4 Ng4 24. e5 Qd8 25. Qe4 Qc8 26. Rxd4 h5 27. Rcd1 Re8 28.
Bh3 a5 29. Qe2 Rce7 30. Bxg4 hxg4 31. Ne4 Kh8 32. Nd6 Qb8 33. Nxe8 Rxe8 34. Qxg4
c5 35. Rd7 Kg8 36. Qe2 Qb6 37. Qc4 Rf8 38. R1d6 Qb8 39. Rxg6 Qc8 40. Rgd6 1-0

[Event "World Blitz 2025"]
[Site "Doha QAT"]
[Date "2025.12.29"]
[Round "13.54"]
[White "Adhiban, Baskaran"]
[Black "Klukin, Kirill"]
[Result "0-1"]
[WhiteTitle "GM"]
[BlackTitle "IM"]
[WhiteElo "2557"]
[BlackElo "2414"]
[WhiteFideId "5018471"]
[BlackFideId "24199273"]
[EventDate "2025.12.29"]

1. d4 e6 2. Nf3 f5 3. c4 Nf6 4. g3 c6 5. Bg2 d5 6. Nc3 Bd6 7. Bf4 Bxf4 8. gxf4
O-O 9. Ne5 Bd7 10. e3 Be8 11. Bf3 Nbd7 12. Rg1 Qe7 13. Qb3 Rb8 14. O-O-O Kh8 15.
Rg3 Nxe5 16. dxe5 Ne4 17. Bxe4 fxe4 18. Rdg1 Rg8 19. cxd5 cxd5 20. Qa3 Qxa3 21.
bxa3 Rc8 22. Kd2 Bh5 23. Rb1 b6 24. Nb5 Rc5 25. Nd4 Bf7 26. Rgg1 Rgc8 27. Rgc1
Kg8 28. Nb5 Be8 29. Nd6 Rxc1 30. Rxc1 Rxc1 31. Kxc1 Bd7 32. Kd2 g6 33. Ke2 Kf8
34. f3 exf3+ 35. Kxf3 Kg7 36. Kg4 Kf8 37. Kg5 Kg7 38. h4 h5 39. a4 a6 40. a3 a5
41. Nb5 Bxb5 42. axb5 a4 43. f5 exf5 44. e6 Kf8 45. Kxg6 d4 46. exd4 f4 47. d5
f3 48. d6 f2 0-1

[Event "World Blitz 2025"]
[Site "Doha QAT"]
[Date "2025.12.29"]
[Round "13.55"]
[White "Warmerdam, Max"]
[Black "Orozbaev, Eldiyar"]
[Result "1-0"]
[WhiteTitle "GM"]
[BlackTitle "IM"]
[WhiteElo "2573"]
[BlackElo "2348"]
[WhiteFideId "1048104"]
[BlackFideId "13802240"]
[EventDate "2025.12.29"]

1. Nf3 d5 2. g3 Nd7 3. Bg2 e5 4. d3 Ngf6 5. O-O c6 6. Nc3 Bc5 7. e4 dxe4 8. Nxe4
Nxe4 9. dxe4 O-O 10. Qe2 Qc7 11. Rd1 a5 12. a4 Nf6 13. h3 h6 14. b3 b6 15. Bb2
Ba6 16. Qe1 Rfe8 17. Bf1 Bb4 18. Qe3 Bc5 19. Qe1 Bb4 20. Qe3 Bc5 21. Qe1 Bb4 22.
Qe3 Bxf1 23. Kxf1 Bc5 24. Qe2 Nd7 25. Kg2 Nf8 26. Qc4 Ng6 27. Rd3 Qe7 28. Rad1
Rad8 29. Rxd8 Rxd8 30. Rxd8+ Qxd8 31. Bxe5 Qd1 32. Qd3 Qc1 33. Bc7 Kh7 34. h4
Nf8 35. Bf4 Qb1 36. Ne5 Qe1 37. Be3 Ne6 38. Nxf7 Bxe3 39. Qxe3 Qd1 40. Qd3 Qc1
41. e5+ Kg8 42. Nd6 Qe1 43. Qe4 Qc3 44. Nf5 Nc5 45. Qxc6 Qxe5 46. Ne3 Qb8 47.
Qg6 Qb7+ 48. Kg1 Ne4 49. Nf5 Nd2 50. Nxh6+ Kh8 51. Nf7+ Kg8 52. Ng5 Nf3+ 53.
Nxf3 Qxf3 54. Qd3 Qf6 55. Qd5+ Kh8 56. Qe4 Qc3 57. h5 Qf6 58. Kg2 Qb2 59. Kg1
Qc1+ 60. Kh2 Qf1 61. Qe3 Qd1 62. Qe8+ Kh7 63. Qg6+ Kh8 64. h6 gxh6 65. Qxh6+ Kg8
66. Qg6+ Kh8 67. Qd3 Qe1 68. Qd4+ Kg8 69. Qxb6 Qe4 70. Qd8+ Kg7 71. Qd3 Qe1 72.
Qd4+ Kh7 73. Kg2 Kg8 74. c4 Qb1 75. Qd5+ Kh8 76. c5 Qg6 77. c6 Qf7 78. Qd4+ Kg8
79. Qh4 Qd5+ 80. Kh2 Qxc6 81. Qc4+ 1-0

[Event "World Blitz 2025"]
[Site "Doha QAT"]
[Date "2025.12.29"]
[Round "13.56"]
[White "Ponkratov, Pavel"]
[Black "Gokerkan, Cem Kaan"]
[Result "1-0"]
[WhiteTitle "GM"]
[BlackTitle "GM"]
[WhiteElo "2587"]
[BlackElo "2510"]
[WhiteFideId "4157800"]
[BlackFideId "6336760"]
[EventDate "2025.12.29"]

1. Nf3 d5 2. g3 g6 3. c4 c6 4. Bg2 Bg7 5. O-O Nf6 6. b3 Ne4 7. d4 O-O 8. Bb2 Bf5
9. e3 a5 10. Nbd2 Nxd2 11. Nxd2 Na6 12. a3 a4 13. cxd5 cxd5 14. Qe2 axb3 15.
Nxb3 Qd7 16. Rfc1 Rfc8 17. Bf1 Rc6 18. Na5 Rb6 19. Bc3 h5 20. Ra2 Rc8 21. Rb2
Rxb2 22. Qxb2 Rc7 23. Bd2 Rxc1 24. Bxc1 Nc5 25. Qb5 Qxb5 26. Bxb5 Nd3 27. Bd2 e5
28. dxe5 Nxe5 29. Bb4 b6 30. Nb7 Bf8 31. Nd6 Bd3 32. Be8 f5 33. Nc8 Bxb4 34.
axb4 b5 35. Nd6 Kf8 36. f4 Nc4 37. Bxb5 Ke7 38. Bxc4 dxc4 39. Nb5 Kd7 40. Nc3
Kc6 41. Kf2 Kd6 42. Kf3 Kc6 43. Kf2 Kd6 44. Ke1 Kc6 45. Kd2 Kd6 46. Na4 Kd5 47.
Nc5 Bf1 48. Kc3 Be2 49. Nd7 Ke4 50. b5 Kxe3 51. Ne5 Bf1 52. Nxg6 Kf2 53. Nh4 Kg1
54. b6 1-0

[Event "World Blitz 2025"]
[Site "Doha QAT"]
[Date "2025.12.29"]
[Round "13.57"]
[White "Zverev, Lev"]
[Black "Nesterov, Arseniy"]
[Result "1-0"]
[WhiteTitle "IM"]
[BlackTitle "GM"]
[WhiteElo "2453"]
[BlackElo "2595"]
[WhiteFideId "24250775"]
[BlackFideId "24198455"]
[EventDate "2025.12.29"]

1. e4 e5 2. Nf3 Nf6 3. d4 Nxe4 4. Bd3 d5 5. Nxe5 Nd7 6. Nxd7 Bxd7 7. Nc3 Nxc3 8.
bxc3 Bd6 9. O-O h5 10. Re1+ Kf8 11. Rb1 b6 12. c4 Qh4 13. g3 Qxd4 14. Bb2 Qg4
15. Be2 Qg5 16. h4 Qf5 17. Bf3 Ba4 18. Bxd5 Rd8 19. Be4 Qg4 20. Qd4 Be7 21. Qe3
Bc5 22. Ba3 Kg8 23. Bxc5 bxc5 24. Qxc5 Rh6 25. Qxc7 Re8 26. Bd3 Rhe6 27. Rxe6
Qxe6 28. Qxa7 Bc6 29. Qc5 Bf3 30. Qe3 Qc6 31. Qf4 Bg4 32. Rb8 g6 33. Rxe8+ Qxe8
34. Qe3 Qb8 35. a4 Bd7 36. a5 Qa8 37. Qb6 Bh3 1-0

[Event "World Blitz 2025"]
[Site "Doha QAT"]
[Date "2025.12.29"]
[Round "13.58"]
[White "Dau Khuong Duy"]
[Black "Martinez Alcantara, Jose Eduardo"]
[Result "1-0"]
[WhiteTitle "IM"]
[BlackTitle "GM"]
[WhiteElo "2489"]
[BlackElo "2667"]
[WhiteFideId "12424722"]
[BlackFideId "3805662"]
[EventDate "2025.12.29"]

1. e4 e5 2. Nf3 Nc6 3. Bb5 a6 4. Ba4 Nf6 5. O-O Be7 6. d3 d6 7. c4 O-O 8. Be3
Ng4 9. Nc3 Nxe3 10. fxe3 Nb8 11. d4 c6 12. Bc2 Nd7 13. Kh1 Qc7 14. Qe1 Nf6 15.
Rd1 b5 16. c5 dxc5 17. Nxe5 Ng4 18. Nf3 b4 19. Na4 c4 20. e5 g6 21. h3 Nh6 22.
e4 f6 23. Qd2 Nf7 24. exf6 Bxf6 25. Qxb4 Qg3 26. Qe1 Qxe1 27. Rfxe1 Rb8 28. b3
Ng5 29. Nxg5 Bxg5 30. bxc4 Rf2 31. Bb3 Kg7 32. Rf1 Re2 33. Rde1 Rd2 34. d5 Bh4
35. Rd1 Re2 36. d6 Bd7 37. c5 Kh6 38. Nb6 Rd8 39. Rf7 Be8 40. Rf8 Bg3 41. Bc4
Rxe4 42. Bxa6 Kg7 43. Rf3 Be5 44. Bc4 g5 45. Rff1 Bd4 46. d7 Bg6 47. Bd3 Bxc5
48. Bxe4 Bxe4 49. Rfe1 Bg6 50. Nc4 Bb4 51. Re6 Bh5 52. Rd3 Bg6 53. Rxg6+ hxg6
54. Ne5 Rf8 55. d8=Q 1-0

[Event "World Blitz 2025"]
[Site "Doha QAT"]
[Date "2025.12.29"]
[Round "13.59"]
[White "Ivanchuk, Vasyl"]
[Black "Chasin, Nico"]
[Result "1-0"]
[WhiteTitle "GM"]
[BlackTitle "IM"]
[WhiteElo "2607"]
[BlackElo "2517"]
[WhiteFideId "14100010"]
[BlackFideId "30908477"]
[EventDate "2025.12.29"]

1. e4 e5 2. Nf3 Nf6 3. Nxe5 d6 4. Nf3 Nxe4 5. d4 d5 6. Bd3 Nc6 7. O-O Be7 8. c4
Nb4 9. Be2 O-O 10. Nc3 Bf5 11. Ne5 c5 12. dxc5 dxc4 13. Bxc4 Bxc5 14. Qf3 Qf6
15. Nxf7 Nxf2 16. Be3 Bxe3 17. Qxe3 Nc2 18. Qxf2 Nxa1 19. Nd5 Qe6 20. Ng5 Qd6
21. Ne7+ Kh8 22. Nxf5 Qg6 23. Nh4 Qd6 24. Nf7+ Rxf7 25. Bxf7 Nc2 26. Qxc2 Qd8 1-0

[Event "World Blitz 2025"]
[Site "Doha QAT"]
[Date "2025.12.29"]
[Round "13.60"]
[White "Grebnev, Aleksey"]
[Black "Aravindh, Chithambaram VR."]
[Result "0-1"]
[WhiteTitle "GM"]
[BlackTitle "GM"]
[WhiteElo "2632"]
[BlackElo "2703"]
[WhiteFideId "34189030"]
[BlackFideId "5072786"]
[EventDate "2025.12.29"]

1. Nf3 Nf6 2. b3 g6 3. Bb2 Bg7 4. g3 O-O 5. Bg2 d6 6. d4 a5 7. a4 Nc6 8. O-O Bf5
9. Re1 Qd7 10. Nbd2 Bh3 11. Bh1 Rfe8 12. e4 e5 13. dxe5 dxe5 14. Nc4 Bg4 15.
Qxd7 Nxd7 16. Bg2 Nc5 17. h3 Bxf3 18. Bxf3 Nd4 19. Bd1 b6 20. Kg2 Rad8 21. Ba3
Bf8 22. Rb1 f6 23. c3 Nd3 24. Re3 Ne6 25. Bxf8 Kxf8 26. Be2 Ndc5 27. h4 Re7 28.
h5 Kg7 29. Bg4 Ng5 30. hxg6 hxg6 31. Bf3 Red7 32. Rb2 Rd3 33. Rb1 Rxe3 34. Nxe3
Ncxe4 35. Bxe4 Nxe4 36. Rc1 Rd2 37. Nd1 Nc5 38. b4 Nxa4 39. Ra1 axb4 40. cxb4
Nb2 41. Nc3 Nd3 42. Ne4 Rc2 43. Rd1 f5 44. Rxd3 fxe4 45. Rd7+ Kf6 46. Kf1 Rc4
47. Ke2 b5 48. Ke3 Ke6 49. Rg7 Kd5 50. g4 c6 51. g5 Rxb4 52. Rxg6 Rb3+ 53. Ke2
Rb1 54. Rg8 Rg1 55. g6 c5 56. Ke3 Rg4 57. f3 exf3 58. Kxf3 Rg5 59. Ke3 Kc4 60.
Ke4 b4 61. Ke3 b3 62. g7 Kc3 63. Rc8 Rxg7 64. Rxc5+ Kb2 65. Rxe5 Kb1 66. Kd2 b2
67. Kc3 Rc7+ 68. Kb3 Rb7+ 69. Kc3 Ra7 70. Re2 Ka1 71. Kd4 0-1

[Event "World Blitz 2025"]
[Site "Doha QAT"]
[Date "2025.12.29"]
[Round "13.61"]
[White "Suyarov, Mukhammadzokhid"]
[Black "Santos Latasa, Jaime"]
[Result "0-1"]
[WhiteTitle "IM"]
[BlackTitle "GM"]
[WhiteElo "2454"]
[BlackElo "2616"]
[WhiteFideId "14210495"]
[BlackFideId "2293307"]
[EventDate "2025.12.29"]

1. d4 Nf6 2. Nc3 e6 3. Bf4 Bb4 4. e3 d5 5. Ne2 O-O 6. a3 Bd6 7. Ng3 c5 8. dxc5
Bxf4 9. exf4 Qc7 10. Qd2 Qxc5 11. Bd3 b6 12. b4 Qc7 13. O-O Ba6 14. b5 Bb7 15.
Nce2 Nbd7 16. Nd4 Rac8 17. a4 Rfd8 18. a5 Ne4 19. Qe3 bxa5 20. Ra3 Nb6 21. f3
Nf6 22. h3 a4 23. Nge2 Nfd7 24. Rfa1 Re8 25. Qf2 Nc5 26. Kh1 Qd8 27. Qe3 a6 28.
Rb1 axb5 29. Rxb5 Ncd7 30. Rb1 Qe7 31. Raa1 Rc5 32. Ng3 Ra8 33. Ndf5 Qf8 34. Nd4
Ba6 35. Nde2 Bxd3 36. cxd3 a3 37. f5 e5 38. d4 exd4 39. Nxd4 Nc4 40. Qd3 Qd6 41.
Nge2 Rca5 42. f4 h6 43. Nc3 Qxf4 44. Nc6 Nde5 45. Ne7+ Kf8 46. Qd1 Ne3 47. Qd2
Kxe7 48. Rb7+ Kf8 49. Nb5 Kg8 50. Nc7 N5c4 51. Qb4 Qf2 52. Rg1 a2 53. Ne6 Qxg1+
54. Kxg1 a1=Q+ 55. Kh2 fxe6 56. Qe7 0-1

[Event "World Blitz 2025"]
[Site "Doha QAT"]
[Date "2025.12.29"]
[Round "13.62"]
[White "Tin, Jingyao"]
[Black "Shimanov, Aleksandr"]
[Result "0-1"]
[WhiteTitle "GM"]
[BlackTitle "GM"]
[WhiteElo "2584"]
[BlackElo "2578"]
[WhiteFideId "5804418"]
[BlackFideId "4198603"]
[EventDate "2025.12.29"]

1. d4 Nf6 2. c4 d6 3. Nf3 g6 4. Nc3 Bg7 5. e4 O-O 6. Be2 Nbd7 7. O-O e5 8. Be3
Qe7 9. Qc2 exd4 10. Nxd4 a6 11. Rad1 Re8 12. f3 c5 13. Nb3 Ne5 14. Nc1 Be6 15.
b3 Nc6 16. Qd2 Rad8 17. Rfe1 Nd7 18. Bf1 Nd4 19. N1e2 Nxe2+ 20. Nxe2 Ne5 21. Bg5
Bf6 22. Bf4 b5 23. cxb5 axb5 24. Nc3 b4 25. Nd5 Bxd5 26. Qxd5 Qa7 27. Rd2 Qb6
28. Kh1 Rd7 29. Be3 Nc6 30. f4 Rdd8 31. Bc4 Qc7 32. e5 dxe5 33. Qxc5 exf4 34.
Rxd8 Qxd8 35. Bf2 Rxe1+ 36. Bxe1 Qd1 37. Qg1 Bd4 38. Qf1 Be3 39. Bh4 Qc2 40. h3
Kg7 41. Qa1+ Bd4 42. Qe1 Ne5 43. Qf1 Be3 44. Bd5 Qxa2 45. Kh2 Qd2 46. Qb5 f3 47.
Qf1 f2 48. Be4 Qd4 49. Qa6 0-1

[Event "World Blitz 2025"]
[Site "Doha QAT"]
[Date "2025.12.29"]
[Round "13.63"]
[White "Tsaruk, Maksim"]
[Black "Kevlishvili, Robby"]
[Result "1/2-1/2"]
[WhiteTitle "GM"]
[BlackTitle "GM"]
[WhiteElo "2515"]
[BlackElo "2527"]
[WhiteFideId "13511173"]
[BlackFideId "1040634"]
[EventDate "2025.12.29"]

1. e4 e5 2. Nf3 Nc6 3. Bb5 a6 4. Ba4 Nf6 5. O-O Be7 6. Re1 b5 7. Bb3 d6 8. c3
O-O 9. h3 h6 10. d4 Bd7 11. Nbd2 Re8 12. Nf1 Bf8 13. Ng3 a5 14. a3 a4 15. Ba2
Na5 16. Be3 Be6 17. Bxe6 Rxe6 18. Nd2 d5 19. dxe5 Nxe4 20. Ngxe4 dxe4 21. Bf4
Qe8 22. Rxe4 Rd8 23. Qe2 g5 24. Bg3 Rxd2 25. Qxd2 Nb3 26. Qe1 f5 27. Re2 Nxa1
28. Qxa1 f4 29. Bh2 Rxe5 30. Rxe5 Qxe5 31. g3 Bc5 32. gxf4 Qe2 33. Qf1 Qxb2 34.
Qe1 Kf7 35. fxg5 hxg5 36. Bg3 Bxa3 37. Qe5 Bd6 38. Qf5+ Ke7 39. Qxg5+ Kd7 40.
Qf5+ Kc6 41. Qe4+ Kb6 42. Qd4+ Ka6 43. Bxd6 Qb1+ 44. Kh2 cxd6 45. Qxd6+ Kb7 46.
h4 Qe4 47. h5 Qh4+ 48. Kg2 Qxh5 49. Qd7+ Kb6 50. Qd6+ Kb7 51. Qd7+ Kb6 1/2-1/2

[Event "World Blitz 2025"]
[Site "Doha QAT"]
[Date "2025.12.29"]
[Round "13.64"]
[White "Sychev, Klementy"]
[Black "Khubukshanov, Erdem"]
[Result "1/2-1/2"]
[WhiteTitle "GM"]
[BlackTitle "IM"]
[WhiteElo "2517"]
[BlackElo "2502"]
[WhiteFideId "4114060"]
[BlackFideId "54114527"]
[EventDate "2025.12.29"]

1. e4 e5 2. Nf3 Nc6 3. d4 exd4 4. Nxd4 Qf6 5. Nb3 Bb4+ 6. c3 Be7 7. Bd3 d6 8.
O-O Ne5 9. Bc2 Qh4 10. f4 Ng4 11. h3 N8h6 12. Qe1 Qxe1 13. Rxe1 Nf6 14. Nd4 O-O
15. g4 Nhxg4 16. hxg4 Nxg4 17. Nd2 Re8 18. N2f3 c6 19. Bd2 Bd7 20. Kg2 c5 21.
Ne2 Bc6 22. Ng3 Bf8 23. Rad1 g6 24. c4 Rad8 25. Bc1 h5 26. Kg1 b5 27. cxb5 Bxb5
28. Nf1 Bc6 29. Ng3 Bg7 30. Rd2 a5 31. Red1 Ne3 32. Re1 Nc4 33. Rde2 Nxb2 34.
Bxb2 Bxb2 35. Ba4 Bxa4 36. Rxb2 d5 37. exd5 Rxe1+ 38. Nxe1 Rxd5 39. Nf3 c4 40.
Rb8+ Kg7 41. Rc8 Rd3 42. Kf2 c3 43. Ne5 Rd2+ 44. Ke3 Rg2 45. Ne2 c2 46. Rc7 h4
47. Nxf7 Kf8 48. Ng5 Ke8 49. Rc5 Kd7 50. Nd4 h3 51. Nxh3 Rg3+ 52. Ke4 Rxh3 53.
Nxc2 Rh5 54. Rc3 Bc6+ 55. Kd4 Rf5 56. Ke3 Bd5 57. Nd4 Rh5 58. Rc5 Bxa2 59. Rc2
Bd5 60. Rc5 Bb7 61. Rc1 Rh3+ 62. Ke2 a4 63. Rc5 a3 64. Ra5 a2 65. Kd2 Rh1 66.
Rxa2 Rh2+ 67. Ne2 Ke6 68. Ke3 Rh3+ 69. Kf2 Bd5 70. Ra5 Rh2+ 71. Ke3 Rh3+ 72. Kf2
Rf3+ 73. Ke1 Rd3 74. Kf2 Kf5 75. Nc3 Rxc3 76. Rxd5+ Kxf4 77. Rd4+ Ke5 78. Ra4 g5
79. Kg2 Kf5 80. Rb4 Rc5 81. Kg3 Rd5 82. Ra4 Rd3+ 83. Kg2 g4 84. Rb4 Kg5 85. Rb8
Rd2+ 86. Kg3 Rd3+ 87. Kg2 Rd5 88. Kg3 Rd3+ 89. Kg2 g3 90. Rg8+ Kf4 1/2-1/2

[Event "World Blitz 2025"]
[Site "Doha QAT"]
[Date "2025.12.29"]
[Round "13.65"]
[White "Droin, Augustin"]
[Black "Anton Guijarro, David"]
[Result "0-1"]
[WhiteTitle "IM"]
[BlackTitle "GM"]
[WhiteElo "2480"]
[BlackElo "2646"]
[WhiteFideId "45105987"]
[BlackFideId "2285525"]
[EventDate "2025.12.29"]

1. e4 c6 2. Nf3 d5 3. d3 e6 4. Qe2 Nf6 5. g3 Be7 6. Bg2 c5 7. c3 Nc6 8. O-O O-O
9. Nbd2 b5 10. Re1 Bb7 11. exd5 Nxd5 12. Ne4 h6 13. h4 Re8 14. g4 Qc7 15. Qd2 f5
16. gxf5 exf5 17. Ng3 f4 18. Ne4 Rad8 19. a4 Na5 20. Qc2 b4 21. Bd2 b3 22. Qd1
Bc8 23. c4 Nb4 24. Bxb4 cxb4 25. Rc1 Bg4 26. Qd2 Bxf3 27. Bxf3 Nc6 28. h5 Nd4
29. Bg4 f3 30. c5 Kh8 31. c6 Rf8 32. Ng3 Bg5 33. Qxb4 Bxc1 34. Rxc1 Rf4 35. Qb7
Rf7 36. Qxc7 Rxc7 37. Kf1 Rxc6 38. Rxc6 Nxc6 39. Bxf3 Nb4 40. Bd1 Nxd3 41. Bxb3
Nxb2 42. Ke2 Rd4 43. Nf5 Rb4 44. Bc2 Nxa4 45. Ne7 Nc5 46. Ng6+ Kg8 47. Bf5 Kf7
48. Kd2 a5 49. Kc3 Ne4+ 50. Kc2 Kf6 51. Bd7 Nxf2 0-1

[Event "World Blitz 2025"]
[Site "Doha QAT"]
[Date "2025.12.29"]
[Round "13.66"]
[White "Agmanov, Zhandos"]
[Black "Chigaev, Maksim"]
[Result "1-0"]
[WhiteTitle "IM"]
[BlackTitle "GM"]
[WhiteElo "2471"]
[BlackElo "2626"]
[WhiteFideId "13708309"]
[BlackFideId "4108116"]
[EventDate "2025.12.29"]

1. e4 e5 2. Nf3 Nc6 3. Nc3 Bc5 4. Bb5 Nge7 5. Nd5 a6 6. Bc4 d6 7. c3 Nxd5 8.
Bxd5 Qf6 9. h3 O-O 10. d3 Be6 11. Bb3 Qe7 12. Be3 Bxe3 13. fxe3 Rad8 14. Bxe6
Qxe6 15. Qb3 d5 16. exd5 Rxd5 17. O-O-O Na5 18. Qc2 e4 19. Nd4 Qh6 20. dxe4
Qxe3+ 21. Kb1 Rdd8 22. Rhe1 Qf4 23. e5 c5 24. e6 Rfe8 25. Rf1 Qxf1 1-0

[Event "World Blitz 2025"]
[Site "Doha QAT"]
[Date "2025.12.29"]
[Round "13.67"]
[White "Siddharth, Jagadeesh"]
[Black "Puranik, Abhimanyu"]
[Result "0-1"]
[WhiteTitle "GM"]
[BlackTitle "GM"]
[WhiteElo "2489"]
[BlackElo "2622"]
[WhiteFideId "5818320"]
[BlackFideId "5061245"]
[EventDate "2025.12.29"]

1. c4 e5 2. Nc3 Nf6 3. Nf3 Nc6 4. e3 Bb4 5. Qc2 Bxc3 6. Qxc3 Qe7 7. a3 a5 8. b4
axb4 9. axb4 Rxa1 10. Qxa1 e4 11. b5 exf3 12. bxc6 bxc6 13. gxf3 O-O 14. Rg1 Ne8
15. Bb2 f6 16. Bd3 c5 17. Ke2 Bb7 18. Qf1 Qe6 19. Rg4 f5 20. Rg1 Ba6 21. Qc1 Rf7
22. Qc3 d6 23. h4 Bb7 24. Qb3 Bc6 25. Qb8 f4 26. e4 Qe7 27. h5 Qh4 28. Qc8 Qxh5
29. Ra1 Bd7 30. Qd8 h6 31. Ra7 Qh3 32. Rxc7 Bg4 33. Qxe8+ Kh7 34. fxg4 Qxg4+ 35.
Ke1 Qg1+ 36. Bf1 Rxc7 37. Qe6 Rb7 38. Qf5+ g6 39. Qf6 Rxb2 40. Qxb2 h5 41. Qf6
Qh2 42. Qxd6 h4 43. e5 f3 44. Qe7+ Kh6 45. Qf8+ Kh7 46. Qf7+ Kh6 47. Qf8+ Kh7
48. Qxc5 Qf4 49. Qe3 Qf5 50. d3 h3 51. e6 h2 52. e7 Qa5+ 53. Qd2 Qa1+ 54. Qd1
Qe5+ 55. Kd2 h1=Q 0-1

[Event "World Blitz 2025"]
[Site "Doha QAT"]
[Date "2025.12.29"]
[Round "13.68"]
[White "Altini, Nicola"]
[Black "Peyrer, Konstantin"]
[Result "1/2-1/2"]
[WhiteTitle "IM"]
[BlackTitle "IM"]
[WhiteElo "2360"]
[BlackElo "2496"]
[WhiteFideId "833924"]
[BlackFideId "1640879"]
[EventDate "2025.12.29"]

1. d4 Nf6 2. c4 e6 3. Nc3 Bb4 4. e3 c5 5. Ne2 cxd4 6. exd4 O-O 7. a3 Ba5 8. b4
Bc7 9. Ng3 d5 10. Be3 Nc6 11. b5 Ba5 12. Rc1 Ne7 13. c5 Nf5 14. Nxf5 exf5 15.
Bd3 Ne4 16. Bxe4 fxe4 17. O-O Bc7 18. Ne2 Bg4 19. h3 Bxe2 20. Qxe2 f5 21. f4
exf3 22. Qxf3 f4 23. Bf2 Qd7 24. c6 bxc6 25. Rxc6 Rae8 26. Rfc1 Bb6 27. a4 Re4
28. Qc3 f3 29. Rc8 Ree8 30. Rxe8 Qxe8 31. Qc6 Qe4 32. Re1 Qf5 33. Qe6+ Qxe6 34.
Rxe6 fxg2 35. Kxg2 Rc8 36. Rd6 Rc4 37. Rxd5 Rxa4 38. h4 Kf7 39. h5 Ke6 40. Re5+
Kf6 41. Rd5 Ra3 42. Bg3 Rd3 43. Be5+ Kf5 44. Bxg7+ Kg4 45. Kf2 Rf3+ 46. Ke2 Rh3
47. h6 Kf4 48. Rd7 Ke4 49. Re7+ Kd5 50. Rd7+ Kc4 51. Bf8 Kxb5 52. Rxh7 Bxd4 53.
Rd7 Kc4 54. h7 Rh2+ 55. Kd1 1/2-1/2

[Event "World Blitz 2025"]
[Site "Doha QAT"]
[Date "2025.12.29"]
[Round "13.85"]
[White "Smirnov, Mark"]
[Black "Henriquez Villagra, Cristobal"]
[Result "1/2-1/2"]
[WhiteTitle "FM"]
[BlackTitle "GM"]
[WhiteElo "2420"]
[BlackElo "2598"]
[WhiteFideId "13764594"]
[BlackFideId "3409350"]
[EventDate "2025.12.29"]

1. Nf3 Nf6 2. b3 g6 3. Bb2 Bg7 4. g3 b5 5. Bg2 Bb7 6. O-O O-O 7. c4 a6 8. d4 d6
9. Nbd2 Nbd7 10. Qc2 c5 11. d5 Rb8 12. e4 Re8 13. Rfe1 e5 14. dxe6 Rxe6 15. e5
dxe5 16. Nxe5 Bxg2 17. Kxg2 Nxe5 18. Bxe5 Rc8 19. Rad1 Qe8 20. Nf3 Qc6 21. Bxf6
Rxe1 22. Rxe1 Bxf6 23. Qe4 Qxe4 24. Rxe4 Rd8 25. cxb5 axb5 26. a4 c4 27. axb5
cxb3 28. Rb4 b2 29. b6 Rb8 30. Rb3 Kf8 31. Ne1 Rb7 32. Nd3 Bd4 33. Nxb2 Rxb6 1/2-1/2